UM Logo

Reliable aluminum wire-bonded SiC/Si diodes with laminated Al/Cu stress buffers / (Record no. 19789)

MARC details
000 -LEADER
fixed length control field 00862nam a22002057a 4500
003 - CONTROL NUMBER IDENTIFIER
control field OSt
005 - DATE AND TIME OF LATEST TRANSACTION
control field 20250915172444.0
008 - FIXED-LENGTH DATA ELEMENTS--GENERAL INFORMATION
fixed length control field 240322b ||||| |||| 00| 0 eng d
040 ## - CATALOGING SOURCE
Transcribing agency 0
082 ## - DEWEY DECIMAL CLASSIFICATION NUMBER
Classification number DPer 621.381 In821 September 2022 v. 37 n. 9
100 ## - MAIN ENTRY--PERSONAL NAME
Personal name Li, Xiao-Di.
Relator term author.
9 (RLIN) 55135
245 ## - TITLE STATEMENT
Title Reliable aluminum wire-bonded SiC/Si diodes with laminated Al/Cu stress buffers /
Statement of responsibility, etc. Xiao-Di Li, Guo-Quan Lu, and Yun-Hui Mei.
260 ## - PUBLICATION, DISTRIBUTION, ETC. (IMPRINT)
Place of publication, distribution, etc. New York ;
Name of publisher, distributor, etc. The Institute of Electrical and Electronics Engineers, Inc. ,
Date of publication, distribution, etc. September 2022.
300 ## - PHYSICAL DESCRIPTION
Extent Volume 37, pages 10149-10153 :
Other physical details illustration ;
Dimensions 28 cm.
500 ## - GENERAL NOTE
General note IEEE Transitions on Power Electronics, v. 37 n. 9, pages 10149-10153, September 2022.
700 ## - ADDED ENTRY--PERSONAL NAME
Personal name Li, Xiao-Di.
Relator term author.
9 (RLIN) 55135
700 ## - ADDED ENTRY--PERSONAL NAME
Personal name Lu, Guo-Quan.
Relator term author.
9 (RLIN) 55136
700 ## - ADDED ENTRY--PERSONAL NAME
Personal name Mei, Yun-Hui.
Relator term author.
9 (RLIN) 55137
942 ## - ADDED ENTRY ELEMENTS (KOHA)
Source of classification or shelving scheme Dewey Decimal Classification
Koha item type Periodicals
Holdings
Withdrawn status Lost status Source of classification or shelving scheme Damaged status Not for loan Collection code Home library Current library Date acquired Total Checkouts Full call number Date last seen Price effective from Koha item type Public note
    Dewey Decimal Classification     Periodicals UM Digos College - LIC UM Digos College - LIC 03/22/2024   DPer 621.381 In821 September 2022 v. 37 n. 9 03/22/2024 03/22/2024 Periodicals Periodical Article